000
00350nam a2200157Ia 4500
100
_a
Hajra Choudhury/ S.K.
490
_v
1
942
_c
BK
654
_a
W/Shop technology
245
_a
Elements of W/shop technology
260
_b
Asia publishing house
_a
Bombay
_c
1965
082
_a
671
_b
Cho
300
_a
453
546
_a
ENGLISH
999
_c
34979
_d
34979